000 00831nam a22002177a 4500
001 5682
003 FISKH
005 20250113121915.0
008 250113b cb ||||| |||| 00| 0 eng d
020 _a9780198356929
040 _aFISKH
_beng
_cFISKH
_dFISKH
100 _aWoolliscroft, Justin
245 _aGeog.2 workbook answer book /
_cby Justin Woolliscroft
250 _aFirst published 2006
260 _aOxford:
_bOxford University Press ;
_c2014.
300 _a70 pages :
_billustrations , maps ;
_c30 cm .
520 _aA help-at-a-glance answer book providing supportingfor the new edition 'geog.2' workbook, which has been revised and updated to deliver the new Programme of Study for Geography at Key Stage 3 (for teaching from 2014).
700 _aParsons, Mike
_eartist
942 _2ddc
_cBK
_n0
999 _c5682
_d5682